Polacy z PR Singlem w Skewbie poniżej 2 sekund - Statystyki

Ogólne statystyki
  • Ten quiz został rozwiązany 8 razy
  • Średni wynik to 15 z 35
Statystyki odpowiedzi
Skewb PR Single Zawodnik % Poprawnych
1,10 Jonatan Kłosko
100%
1,11 Łukasz Burliga
100%
0,98 Maksymilian Kulas
100%
1,02 Oskar Hanuszkiewicz
100%
1,05 Cezary Mach
86%
1,96 Jakub Hanuszkiewicz
86%
1,25 Jan Zych
86%
1,62 Magdalena Pabisz
86%
1,37 Michał Rzewuski
86%
1,17 Michał Krasowski
71%
1,55 Ignacy Samselski
57%
1,50 Michał Denkiewicz
57%
1,17 Adam Chodyniecki
43%
1,99 Olaf Kuźmiński
43%
1,50 Tomasz Pietruszka
43%
1,33 Bartłomiej Owczarek
29%
1,69 Jakub Trzop
29%
1,65 Maksymilian Gala
29%
1,14 Mateusz Szulik
29%
1,45 Piotr Tokarski
29%
1,98 Rafał Waryszak
29%
1,67 Szymon Malinowski
29%
1,64 Tymon Kolasiński
29%
1,84 Wojciech Barciaga
29%
1,38 Zuzanna Kozicka
29%
1,65 Kacper Grzelakowski
14%
1,60 Kacper Paweł Dworak
14%
1,58 Krystian Załuski
14%
1,71 Maciej Czapiewski
14%
1,63 Bartosz Karpiński
0%
1,88 Jakub Grzybowski
0%
1,50 Kajetan Opach
0%
1,68 Wojciech Piórczyński
0%
1,71 Wojciech Weremczuk
0%
1,48 Wojciech Zachwatowicz
0%
Nie znaleziono quizów pasujących do podanych kryteriów
Rozkład punktacji
Procent ludzi z każdym wynikiem
Percentyl według liczby udzielonych odpowiedzi
Twoja historia wyników
Nie rozwiązałeś tego quizu